Statistics for Answers are Sabaton Songs

Click here to take the quiz!

General Stats

  • This quiz has been taken 2,321 times
  • The average score is 11 of 16

Answer Stats

HintAnswer% Correct
Type of attack used on Hiroshima and NagasakiNuclear Attack
90%
Russian city; major turning point in WW2Stalingrad
87%
Greek city state, famous from the movie 300Sparta
86%
Nickname of the all female Russian night bomber regimentNight Witches
84%
Nickname of the Finnish sniper Simo HäyhäWhite Death
83%
Nickname of the 7th panzer division; known for its speedGhost Division
82%
Pacific islands; site of a WW2 aircraft carrier battleMidway
76%
German name for the nazi millitaryWehrmacht
73%
Famous Chinese millitary treatise from the 5th century BCThe Art of War
70%
Autobiography of US soldier Audie MurphyTo Hell and Back
70%
City at the Dardanelles; failed invasion of Turkey in WW1Cliffs of Gallipoli
66%
Mimicking your surroundings to be hard to spotCamouflage
65%
Author of aboveSun Tzu Says
63%
Reversed on a calculator, this number reads 'Hell'7734
55%
Ukrainian city where the Swedish empire met it's endPoltava
55%
Often comes with rain, heavy wind and lightningThunderstorm
27%

Score Distribution

Percentile by Number Answered

Percent of People with Each Score

Your Score History

You have not taken this quiz